[Event "CRO-chT3 West"]
[Site "Croatia"]
[Date "2010.03.27"]
[Round "1.22"]
[White "Djuric, Dario"]
[Black "Stracenski, Janko"]
[Result "0-1"]
[WhiteElo "1894"]
[BlackElo "1705"]
[PlyCount "78"]
[EventDate "2010.03.27"]
[EventType "team-tourn"]
[EventRounds "9"]
[EventCountry "CRO"]
[SourceTitle "EXT 2012"]
[Source "ChessBase"]
[SourceDate "2011.11.24"]
[SourceVersion "1"]
[SourceVersionDate "2011.11.24"]
[SourceQuality "1"]

1. e4 c6 2. c3 e5 3. Nf3 d5 4. exd5 Qxd5 5. Qb3 Qxb3 6. axb3 f6 7. d4 e4 8. Nfd2 f5 9. Nc4 Nd7 10. Bf4 Be7 11. Nbd2 g5 12. Bd6 Ngf6 13. Bxe7 Kxe7 14. 0-0-0 a5 15. Ne5 Nxe5 16. dxe5 Ng4 17. Re1 Nxf2 18. Rg1 a4 19. Kc2 a3 20. h3 Rd8 21. bxa3 Rxa3 22. Nc4 Ra2+ 23. Kb1 Ra7 24. Kb2 b5 25. Nd6 Be6 26. g3 Rda8 27. c4 b4 28. Rb1 e3 29. Kc2 f4 30. gxf4 gxf4 31. Rb2 f3 32. Rg3 Rf8 33. Rg7+ Rf7 34. Rxf7+ Bxf7 35. Nc8+ Ke6 36. Nxa7 Bg6+ 37. Kc1 Nd3+ 38. Bxd3 Bxd3 39. Rh2 f2 0-1

[Event "CRO-chT U20 16th"]
[Site "Sv Filip i Jakov"]
[Date "2007.04.13"]
[Round "7"]
[White "Djuric, Dario"]
[Black "Kovacevic, Neven"]
[Result "1-0"]
[WhiteElo "1852"]
[BlackElo "1666"]
[PlyCount "86"]
[EventDate "2007.04.10"]
[EventType "team-tourn"]
[EventRounds "11"]
[EventCountry "CRO"]
[SourceTitle "EXT 2010"]
[Source "ChessBase"]
[SourceDate "2010.11.25"]
[SourceVersion "1"]
[SourceVersionDate "2010.11.25"]
[SourceQuality "1"]

1. d4 d5 2. Bf4 Nc6 3. Nc3 a6 4. e3 Bf5 5. Bd3 Bxd3 6. Qxd3 e6 7. Nge2 f5 8. a3 Bd6 9. f3 g5 10. Bxd6 Qxd6 11. e4 Nge7 12. 0-0-0 0-0-0 13. e5 Qd7 14. b3 Na7 15. Na4 Nec6 16. Nc5 Qe7 17. Kb2 Nb8 18. Nc3 c6 19. g4 f4 20. h3 Nb5 21. Nxb5 axb5 22. Qd2 b6 23. Nd3 Rdf8 24. Rh2 h6 25. Rdh1 Rh7 26. h4 Rfh8 27. Nf2 Nd7 28. Qd3 Nf8 29. a4 Qd7 30. axb5 cxb5 31. hxg5 hxg5 32. Rxh7 Rxh7 33. Rxh7 Nxh7 34. Qg6 Qe7 35. Nh3 Kd7 36. Qd3 Kc6 37. c3 Qe8 38. Qxh7 Qc8 39. Nxg5 b4 40. cxb4 Kb5 41. Qc2 Qxc2+ 42. Kxc2 Kxb4 43. Nxe6 Ka3 1-0

[Event "CRO-chT U20 16th"]
[Site "Sv Filip i Jakov"]
[Date "2007.04.13"]
[Round "8"]
[White "Vucic, Mihovil"]
[Black "Djuric, Dario"]
[Result "0-1"]
[WhiteElo "1911"]
[BlackElo "1852"]
[PlyCount "106"]
[EventDate "2007.04.10"]
[EventType "team-tourn"]
[EventRounds "11"]
[EventCountry "CRO"]
[SourceTitle "EXT 2010"]
[Source "ChessBase"]
[SourceDate "2010.11.25"]
[SourceVersion "1"]
[SourceVersionDate "2010.11.25"]
[SourceQuality "1"]

1. e4 Nf6 2. e5 Nd5 3. Nc3 Nb6 4. d4 d6 5. exd6 exd6 6. Bd3 Be7 7. Nf3 Bg4 8. Ne4 N8d7 9. Ng3 0-0 10. h3 Bxf3 11. Qxf3 Bf6 12. Be3 Re8 13. 0-0-0 Bg5 14. Bxh7+ Kxh7 15. Qh5+ Bh6 16. Bxh6 gxh6 17. Qxf7+ Kh8 18. Nh5 Qg5+ 19. f4 Qg8 20. Qf5 Qe6 21. Qg4 Qxg4 22. hxg4 Kg8 23. Ng3 Re6 24. Nf5 Kh7 25. g5 Rf8 26. d5 Re4 27. Rxh6+ Kg8 28. Rdh1 Rxf4 29. g4 R4xf5 30. Rg6+ Kf7 31. gxf5 Nxd5 32. Rh7+ Ke8 33. Re6+ Kd8 34. f6 Re8 35. Rxe8+ Kxe8 36. f7+ Kf8 37. g6 N5f6 38. Rh8+ Kg7 39. Rc8 c5 40. Kd1 Nf8 41. Rc7 b6 42. Rxa7 Kxg6 43. Kd2 N6d7 44. Kc3 Kxf7 45. Kc4 Ke6 46. Kb5 Ng6 47. Kc4 d5+ 48. Kd3 Kd6 49. a4 Nge5+ 50. Kd2 Kc6 51. c3 d4 52. Ra8 Kd5 53. Rh8 c4 0-1

[Event "CRO-chT U20 16th"]
[Site "Sv Filip i Jakov"]
[Date "2007.04.11"]
[Round "4"]
[White "Ivekovic, Josip"]
[Black "Djuric, Dario"]
[Result "1-0"]
[WhiteElo "2032"]
[BlackElo "1852"]
[PlyCount "89"]
[EventDate "2007.04.10"]
[EventType "team-tourn"]
[EventRounds "11"]
[EventCountry "CRO"]
[SourceTitle "EXT 2010"]
[Source "ChessBase"]
[SourceDate "2010.11.25"]
[SourceVersion "1"]
[SourceVersionDate "2010.11.25"]
[SourceQuality "1"]

1. d4 d5 2. Bf4 Bf5 3. e3 c6 4. c4 e6 5. Nc3 Qb6 6. Qb3 Qxb3 7. axb3 Na6 8. Nf3 Nb4 9. Kd2 Nf6 10. Nh4 Bc2 11. Ra3 h6 12. Bc7 Ng4 13. f3 Nf6 14. g4 Bh7 15. c5 Kd7 16. Ba5 Na6 17. Bxa6 bxa6 18. Bb4 Rb8 19. Na2 Be7 20. Rxa6 Rb7 21. Ng2 Rhb8 22. Bc3 Ne8 23. Ra1 Nc7 24. Ra4 Nb5 25. Nb4 Rc8 26. Ra6 f5 27. h3 Bf6 28. Nf4 Bg8 29. gxf5 exf5 30. Nh5 Bg5 31. Nxg7 f4 32. Nf5 Be6 33. h4 fxe3+ 34. Ke2 Bf6 35. Nxh6 Bxd4 36. Nd3 Nxc3+ 37. bxc3 Bxc3 38. Rxa7 Rcb8 39. R1a6 Bg7 40. Ng4 d4 41. Nge5+ Bxe5 42. Nxe5+ Ke8 43. Nxc6 Rxa7 44. Rxa7 Rxb3 45. Re7+ 1-0

[Event "CRO-chT U20 15th"]
[Site "Sv Filip i Jakov"]
[Date "2006.04.23"]
[Round "9"]
[White "Djuric, Dario"]
[Black "Dvorski, Renato"]
[Result "1/2-1/2"]
[WhiteElo "1906"]
[BlackElo "1950"]
[PlyCount "39"]
[EventDate "2006.04.18"]
[EventType "team-tourn"]
[EventRounds "9"]
[EventCountry "CRO"]
[SourceTitle "CBM 111 Extra"]
[Source "ChessBase"]
[SourceDate "2006.05.09"]
[SourceVersion "1"]
[SourceVersionDate "2006.05.09"]
[SourceQuality "1"]

1. e4 e5 2. Nf3 Nc6 3. d4 exd4 4. Nxd4 Qf6 5. Nf3 Ne5 6. Be2 Bc5 7. h3 d6 8. Nc3 c6 9. Bd2 Ne7 10. Na4 Nxf3+ 11. Bxf3 Bd4 12. Bc3 Bxc3+ 13. Nxc3 0-0 14. 0-0 Ng6 15. Bg4 Bxg4 16. Qxg4 Qe6 17. Qe2 f5 18. exf5 Qxf5 19. Rad1 Rae8 20. Qd2 1/2-1/2

[Event "CRO-chT U20 15th"]
[Site "Sv Filip i Jakov"]
[Date "2006.04.18"]
[Round "1"]
[White "Bosiocic, Marin"]
[Black "Djuric, Dario"]
[Result "1-0"]
[WhiteElo "2384"]
[BlackElo "1906"]
[PlyCount "43"]
[EventDate "2006.04.18"]
[EventType "team-tourn"]
[EventRounds "9"]
[EventCountry "CRO"]
[SourceTitle "CBM 111 Extra"]
[Source "ChessBase"]
[SourceDate "2006.05.09"]
[SourceVersion "1"]
[SourceVersionDate "2006.05.09"]
[SourceQuality "1"]

1. e4 e5 2. Nf3 Nc6 3. Bb5 d6 4. 0-0 Bd7 5. c3 g6 6. d4 exd4 7. cxd4 Bg7 8. Nc3 Nce7 9. Qb3 Nc6 10. Bc4 Nxd4 11. Nxd4 Bxd4 12. Bxf7+ Kf8 13. Bxg8 Rxg8 14. Qxb7 Rb8 15. Bh6+ Ke7 16. Qd5 Bxc3 17. bxc3 Be6 18. Qd4 Kf7 19. f4 Rb6 20. Bg5 Qd7 21. f5 gxf5 22. exf5 1-0